000 00328nam a2200133Ia 4500
008 231129s1996||||xx |||||||||||||| ||spa||
040 _bspa
082 _a986.101 Z93m
100 _aZuluaga Gomez Victor
245 0 _aMundos reales e imaginarios del Choco
260 _c1996
264 _aEdiciones Oriana
942 _2ddc
_cBKS
999 _c21497
_d21497